000 00683nam a2200229Ia 4500
003 GCL
008 140319s9999 xx 000 0 ara d
040 _aGCL /
_cGCL
082 0 4 _a657.9
_bح ت
100 1 _aزكى حواس
245 1 0 _aتكاليف المقاولات وتقاسيم الاراضى والطرق /
_cزكى حواس
700 1 _aحامد شافعى
260 _aالقاهرة :
_bعالم الكتب الحديث
300 _a799 ؛
_c24سم
490 _a
650 0 4 _aالهندسة
650 0 4 _aالمحاسبة
650 0 4 _aالتكاليف الصناعية
650 0 4 _aالتكاليف
650 0 4 _aالمقاولات
942 _2ddc
_cBK
999 _c31405
_d31405